Istituzioni di diritto commerciale : (Record no. 40857)

MARC details
000 -LEADER
campo de control de longitud fija 00597nam a2200181 i 4500
001 - NÚMERO DE CONTROL
campo de control 40857
003 - IDENTIFICADOR DE NÚMERO DE CONTROL
campo de control ES-MaACL
005 - FECHA Y HORA DE LA ÚLTIMA TRANSACCIÓN
campo de control 20230906160326.0
007 - CAMPO FIJO DE DESCRIPCIÓN FÍSICA--INFORMACIÓN GENERAL
campo de control de longitud fija t|
008 - DATOS DE LONGITUD FIJA--INFORMACIÓN GENERAL
campo de control de longitud fija 030307s1917 it ||||1| ita d
100 1# - ENTRADA PRINCIPAL--NOMBRE DE PERSONA
Nombre de persona Caporali, Dante.
9 (RLIN) 34881
245 10 - MENCIÓN DEL TÍTULO
Título Istituzioni di diritto commerciale :
Resto del título aduso delle scuole medie di studii applicati al ammercio /
Mención de responsabilidad, etc. Dante Caporali.
250 ## - MENCION DE EDICION
Mención de edición Edizione economica con aggiunte.
260 ## - PUBLICACIÓN, DISTRIBUCIÓN, ETC.
Lugar de publicación, distribución, etc. Milano ;
-- Torino :
Nombre del editor, distribuidor, etc. Fratelli Bocca,
Fecha de publicación, distribución, etc. 1917.
300 ## - DESCRIPCIÓN FÍSICA
Extensión XII, 311 p. ;
Dimensiones 25 cm.
650 ## - PUNTO DE ACCESO ADICIONAL DE MATERIA--TÉRMINO DE MATERIA
Término de materia o nombre geográfico como elemento de entrada Derecho mercantil-
Subdivisión geográfica Italia.
9 (RLIN) 11740
852 ## - LOCALIZACIÓN
Ubicación ES-MaACL
Número de control de estantería G-4932
Holdings
Estatus retirado Estado de pérdida Estado de daño No para préstamo Biblioteca de origen Biblioteca actual Ubicación en estantería Fecha de adquisición Fuente de adquisición Total de préstamos Signatura topográfica completa Código de barras Visto por última vez Precio de reemplazo Tipo de ítem Koha
        Biblioteca del Ateneo de Madrid Biblioteca del Ateneo de Madrid Depósito 2 17/01/2008     G-4932 1043009 23/02/2023 23/02/2023 Libro impreso